000 00440nam a2200181 a 4500
001 1758452259833
003 ACL
005 20250921163104.0
008 250921s2006##################000#0#eng##
020 _a9781580421874
082 0 4 _a795
_bSHE
100 1 _aSheahan, Tex,
_eauthor.
245 1 0 _aSecrets of Winning Poker :
260 _bCardoza,
_c2006.
650 0 _aGames & Activities.
942 _cENGLISH
040 _aACL
_beng
_cACL
999 _c588603
_d588603